[Event "Helmond Rapid op"]
[Site "Helmond"]
[Date "2023.06.10"]
[Round "3"]
[White "Sprong, Pia"]
[Black "Messaoudi, Nino"]
[Result "1/2-1/2"]
[WhiteElo "1521"]
[BlackElo "1986"]
[PlyCount "33"]
[EventDate "2023.06.10"]
[EventType "swiss (rapid)"]
[EventRounds "9"]
[EventCountry "NED"]
[SourceTitle "CBM 214 Extra"]
[Source "ChessBase"]
[SourceDate "2023.07.31"]
[SourceVersion "1"]
[SourceVersionDate "2023.07.31"]
[SourceQuality "1"]

1. d4 Nf6 2. Nf3 e6 3. g3 d5 4. Bg2 c5 5. 0-0 Nc6 6. c4 cxd4 7. Nxd4 Bc5 8. Nxc6 bxc6 9. Nd2 0-0 10. e4 Rb8 11. b3 e5 12. exd5 cxd5 13. Bb2 Re8 14. Qc2 Bb7 15. cxd5 Rc8 16. Nc4 Qc7 17. Rad1 1/2-1/2